Statistics for Billie Eilish Charting Songs (Billboard Hot 100)

Click here to take the quiz!

General Stats

  • This quiz has been taken 53 times
    (13 since last reset)
  • The average score is 12 of 20

Answer Stats

AlbumWeeks OnPeakArtist(s)Song% Correct
WHEN WE ALL FALL ASLEEP, WHERE DO WE GO?49 Weeks#1 (1 Week)Billie Eilishbad guy
100%
WHEN WE ALL FALL ASLEEP, WHERE DO WE GO?4 Weeks#35Billie Eilishxanny
92%
dont smile at me20 Weeks#84Billie Eilishocean eyes
83%
13 Reasons Why: Season 2 (Music from the Original TV Series)22 Weeks#64Billie Eilish & Khalidlovely
83%
No Time To Die3 Weeks#16Billie EilishNo Time to Die
75%
Non-Album Single10 Weeks#2Billie EilishTherefore I Am
67%
WHEN WE ALL FALL ASLEEP, WHERE DO WE GO?32 Weeks#29Billie Eilishwhen the party's over
67%
dont smile at me3 Weeks#96Billie Eilishidontwannabeyouanymore
58%
WHEN WE ALL FALL ASLEEP, WHERE DO WE GO?11 Weeks#31Billie Eilishwish you were gay
58%
WHEN WE ALL FALL ASLEEP, WHERE DO WE GO (Re-Issue)33 Weeks#8Billie Eilisheverything i wanted
58%
Non-Album Single6 Weeks#6Billie Eilishmy future
58%
WHEN WE ALL FALL ASLEEP, WHERE DO WE GO?8 Weeks#41Billie Eilishyou should see me in a crown
50%
WHEN WE ALL FALL ASLEEP, WHERE DO WE GO?20 Weeks#14Billie Eilishbury a friend
50%
WHEN WE ALL FALL ASLEEP, WHERE DO WE GO?1 Week#53Billie Eilishi love you
50%
WHEN WE ALL FALL ASLEEP, WHERE DO WE GO?1 Week#62Billie Eilishilomilo
50%
WHEN WE ALL FALL ASLEEP, WHERE DO WE GO?1 Week#63Billie Eilishlisten before i go
42%
WHEN WE ALL FALL ASLEEP, WHERE DO WE GO?1 Week#79Billie Eilish8
42%
WHEN WE ALL FALL ASLEEP, WHERE DO WE GO?4 Weeks#43Billie Eilishmy strange addiction
42%
WHEN WE ALL FALL ASLEEP, WHERE DO WE GO?7 Weeks#46Billie Eilishall the good girls go to hell
33%
WHEN WE ALL FALL ASLEEP, WHERE DO WE GO? (Japanese Edition)1 Week#69Billie Eilishcome out and play
8%

Score Distribution

Percentile by Number Answered

Percent of People with Each Score

Your Score History

You have not taken this quiz since the last reset